000
00288nam a2200097Ia 4500
005
20251222152004.0
008
251222s9999||||xx |||||||||||||| ||spa||
082
_a
630.1/I59/V.25/T.4
245
0
_a
"III Censo Nacional Agropecuario, resultados definitivos: Departamento de Puno"
942
_c
LIB
999
_c
24657
_d
24657